Journal of technology management for growing economies (Record no. 94736)

MARC details
000 -LEADER
fixed length control field 00533nam a22001577a 4500
005 - DATE AND TIME OF LATEST TRANSACTION
control field 20191126123713.0
008 - FIXED-LENGTH DATA ELEMENTS--GENERAL INFORMATION
fixed length control field 150708b xxu||||| |||| 00| 0 eng d
022 ## - INTERNATIONAL STANDARD SERIAL NUMBER
International Standard Serial Number 0976-545X
082 ## - DEWEY DECIMAL CLASSIFICATION NUMBER
Classification number 330
245 ## - TITLE STATEMENT
Title Journal of technology management for growing economies
260 ## - PUBLICATION, DISTRIBUTION, ETC. (IMPRINT)
Place of publication, distribution, etc Chandigarh
Name of publisher, distributor, etc Chitkara University Publication
Date of publication, distribution, etc 2017-
300 ## - PHYSICAL DESCRIPTION
Extent v.
Dimensions 28cm
310 ## - CURRENT PUBLICATION FREQUENCY
Current publication frequency Bi-annually
270 ## - ADDRESS
City Chandigarh
Postal code 160009
Address Saraswati Kendra,SCO 160-161 , Sector 9 C,Post Box No 70,
Country India
942 ## - ADDED ENTRY ELEMENTS (KOHA)
Source of classification or shelving scheme Dewey Decimal Classification
Item type Periodicals
Serial record 1
Classification part 330
Call number suffix JOU
Holdings
Withdrawn status Lost status Source of classification or shelving scheme Damaged status Not for loan Collection code Home library Current library Date acquired Source of acquisition Total Checkouts Full call number Date last seen Price effective from Koha item type
    Dewey Decimal Classification   Not For Loan Non-fiction D.B.Act.Division D.B.Act.Division 08/07/2015 DBAD/PUB   330 JOU 08/07/2015 08/07/2015 Periodicals

© Delhi Public Library
Hit Counter
free hit counter